<?xml version='1.0' encoding='UTF-8'?>
  <record xmlns="http://www.loc.gov/MARC21/slim">
    <leader>00000cam a2200000 i 4500</leader>
    <controlfield tag="001">ocm02864934</controlfield>
    <controlfield tag="003">OCoLC</controlfield>
    <controlfield tag="005">20250720082452.1</controlfield>
    <controlfield tag="008">770406s1534    gw ac         001 0 lat  </controlfield>
    <datafield tag="010" ind1=" " ind2=" ">
      <subfield code="a">   07005094 </subfield>
    </datafield>
    <datafield tag="040" ind1=" " ind2=" ">
      <subfield code="a">DLC</subfield>
      <subfield code="b">eng</subfield>
      <subfield code="e">rda</subfield>
      <subfield code="e">dcrmr</subfield>
      <subfield code="c">VWM</subfield>
      <subfield code="d">OCL</subfield>
      <subfield code="d">OCLCQ</subfield>
      <subfield code="d">GZM</subfield>
      <subfield code="d">OCLCA</subfield>
      <subfield code="d">OCLCQ</subfield>
      <subfield code="d">OCLCF</subfield>
      <subfield code="d">OCLCO</subfield>
      <subfield code="d">OCLCQ</subfield>
      <subfield code="d">OCL</subfield>
      <subfield code="d">OCLCO</subfield>
      <subfield code="d">OCLCL</subfield>
      <subfield code="d">QGJ</subfield>
      <subfield code="d">OCLCQ</subfield>
      <subfield code="d">QGJ</subfield>
      <subfield code="d">OCLCQ</subfield>
      <subfield code="d">OCLCL</subfield>
    </datafield>
    <datafield tag="035" ind1=" " ind2=" ">
      <subfield code="a">(OCoLC)2864934</subfield>
    </datafield>
    <datafield tag="050" ind1=" " ind2=" ">
      <subfield code="a">QB41</subfield>
      <subfield code="b">.P85</subfield>
    </datafield>
    <datafield tag="082" ind1="0" ind2="4">
      <subfield code="a">520</subfield>
      <subfield code="q">OCoLC</subfield>
      <subfield code="1">https://id.oclc.org/worldcat/ddc/E3rjtqtJwbWHQRDx4D7cT9KY4F</subfield>
    </datafield>
    <datafield tag="100" ind1="1" ind2=" ">
      <subfield code="a">Stoeffler, Johann,</subfield>
      <subfield code="d">1452-1531,</subfield>
      <subfield code="e">author.</subfield>
      <subfield code="4">aut</subfield>
    </datafield>
    <datafield tag="245" ind1="1" ind2="0">
      <subfield code="a">Ioannis Stoefleri Iustingensis mathematici eruditissimi, faciléque omnium principis, in Procli Diadochi, authoris grauissimi, Sphaeram mundi, omnibus numeris longè absolutissimus commentarius. Ante hac nunquam typis excusus ... Schradinus lectori ...</subfield>
    </datafield>
    <datafield tag="246" ind1="3" ind2=" ">
      <subfield code="a">Ioannis Stoefleri Ivstingensis mathematici ervditissimi, faciléque omnium principis, in Procli Diadochi, authoris grauissimi, Sphaeram mundi</subfield>
    </datafield>
    <datafield tag="246" ind1="3" ind2=" ">
      <subfield code="a">Joannis Stoefleri Justingensis mathematici eruditissimi, faciléque omnium principis, in Procli Diadochi, authoris gravissimi Sphaeram mundi</subfield>
    </datafield>
    <datafield tag="246" ind1="3" ind2="0">
      <subfield code="a">In Procli Diadochi, authoris grauissimi, Sphaeram mundi</subfield>
    </datafield>
    <datafield tag="246" ind1="1" ind2="7">
      <subfield code="a">In Procli Diadochi Sphaeram Ioannis Stoefleri Iustingen. commentarius</subfield>
    </datafield>
    <datafield tag="264" ind1=" " ind2="1">
      <subfield code="a">Tubingae, :</subfield>
      <subfield code="b">Ex aedibus Morhardinis nostris,</subfield>
      <subfield code="c">M.D.XXXIIII. [1534]</subfield>
    </datafield>
    <datafield tag="300" ind1=" " ind2=" ">
      <subfield code="a">7 preliminary leaves, 136 [that is, 135] leaves, 1 leaf :</subfield>
      <subfield code="b">illustrations, portrait, diagrams ;</subfield>
      <subfield code="c">30 cm (folio)</subfield>
    </datafield>
    <datafield tag="336" ind1=" " ind2=" ">
      <subfield code="a">text</subfield>
      <subfield code="b">txt</subfield>
      <subfield code="2">rdacontent</subfield>
    </datafield>
    <datafield tag="337" ind1=" " ind2=" ">
      <subfield code="a">unmediated</subfield>
      <subfield code="b">n</subfield>
      <subfield code="2">rdamedia</subfield>
    </datafield>
    <datafield tag="338" ind1=" " ind2=" ">
      <subfield code="a">volume</subfield>
      <subfield code="b">nc</subfield>
      <subfield code="2">rdacarrier</subfield>
    </datafield>
    <datafield tag="340" ind1=" " ind2=" ">
      <subfield code="m">folio</subfield>
      <subfield code="2">rdabf</subfield>
    </datafield>
    <datafield tag="500" ind1=" " ind2=" ">
      <subfield code="a">Portrait of the Johann Stoeffler on recto of last leaf.</subfield>
    </datafield>
    <datafield tag="500" ind1=" " ind2=" ">
      <subfield code="a">Signatures: []⁷ A-O⁶ P⁴ Q-Z⁶.</subfield>
    </datafield>
    <datafield tag="500" ind1=" " ind2=" ">
      <subfield code="a">With initials and printed marginal notes.</subfield>
    </datafield>
    <datafield tag="500" ind1=" " ind2=" ">
      <subfield code="a">Foliation errors: Leaf 18 numbered 17; leaf 51 numbered 50; leaf 81 numbered 74; leaf 92 numbered 87; leaf 101 omitted; leaf 109 numbered 110; leaf 133 numbered 75; leaf 136 numbered 133.</subfield>
    </datafield>
    <datafield tag="500" ind1=" " ind2=" ">
      <subfield code="a">Includes index.</subfield>
    </datafield>
    <datafield tag="500" ind1=" " ind2=" ">
      <subfield code="a">Colophon: Tubingae ex officina Hulderrichi Morhart Anno M.D.XXXIIII.</subfield>
    </datafield>
    <datafield tag="500" ind1=" " ind2=" ">
      <subfield code="a">Edited by Ludovicus Schradinus.</subfield>
    </datafield>
    <datafield tag="510" ind1="4" ind2=" ">
      <subfield code="a">Verzeichnis der im deutschen Sprachbereich erschienenen Drucke des 16. Jahrhunderts (VD 16),</subfield>
      <subfield code="c">P 4977</subfield>
      <subfield code="u">https://gateway-bayern.de/VD16+P+4977</subfield>
    </datafield>
    <datafield tag="510" ind1="4" ind2=" ">
      <subfield code="a">Adams, H.M. Catalogue of books printed on the continent of Europe, 1501-1600, in Cambridge libraries,</subfield>
      <subfield code="c">S 1897</subfield>
    </datafield>
    <datafield tag="600" ind1="0" ind2="0">
      <subfield code="a">Proclus,</subfield>
      <subfield code="d">approximately 410-485.</subfield>
      <subfield code="t">De sphaera.</subfield>
    </datafield>
    <datafield tag="650" ind1=" " ind2="0">
      <subfield code="a">Astronomy</subfield>
      <subfield code="v">Early works to 1800.</subfield>
    </datafield>
    <datafield tag="650" ind1=" " ind2="6">
      <subfield code="a">Astronomie</subfield>
      <subfield code="v">Ouvrages avant 1800.</subfield>
    </datafield>
    <datafield tag="630" ind1="0" ind2="7">
      <subfield code="a">De sphaera (Proclus)</subfield>
      <subfield code="2">fast</subfield>
    </datafield>
    <datafield tag="650" ind1=" " ind2="7">
      <subfield code="a">Astronomy</subfield>
      <subfield code="2">fast</subfield>
    </datafield>
    <datafield tag="655" ind1=" " ind2="7">
      <subfield code="a">Early works</subfield>
      <subfield code="2">fast</subfield>
    </datafield>
    <datafield tag="700" ind1="1" ind2=" ">
      <subfield code="a">Schradin, Ludwig,</subfield>
      <subfield code="e">editor.</subfield>
      <subfield code="4">edt</subfield>
    </datafield>
    <datafield tag="700" ind1="0" ind2=" ">
      <subfield code="a">Ulrich,</subfield>
      <subfield code="c">Duke of Württemberg,</subfield>
      <subfield code="d">1487-1550,</subfield>
      <subfield code="e">dedicatee.</subfield>
      <subfield code="4">dte</subfield>
    </datafield>
    <datafield tag="700" ind1="1" ind2=" ">
      <subfield code="a">Morhart, Ulrich,</subfield>
      <subfield code="d">-1554,</subfield>
      <subfield code="e">printer.</subfield>
      <subfield code="4">prt</subfield>
    </datafield>
    <datafield tag="752" ind1=" " ind2=" ">
      <subfield code="a">Germany</subfield>
      <subfield code="d">Tübingen,</subfield>
      <subfield code="e">publication place.</subfield>
      <subfield code="4">pup</subfield>
    </datafield>
  </record>